书目信息 |
| 题名: |
王力古汉语字典
|
|
| 作者: | 王力 编著 | |
| 分册: | ||
| 出版信息: | 北京 中华书局 2015.04 |
|
| 页数: | 441页 | |
| 开本: | 22cm | |
| 丛书名: | ||
| 单 册: | ||
| 中图分类: | H163 | |
| 科图分类: | ||
| 主题词: | 汉语--词典学 | |
| 电子资源: | ||
| ISBN: | 7-101-10897-0 | |
| 000 | 00557nam0 2200193 450 | |
| 001 | 1629679726 | |
| 005 | 20160918081550.55 | |
| 010 | @a7-101-10897-0@dCNY75.00 | |
| 100 | @a20160918d2015 km y0chiy0120 ea | |
| 101 | 0 | @achi |
| 102 | @aCN@b110000 | |
| 200 | 1 | @a王力古汉语字典@Awang li gu han yu zi dian@f王力编著@Fwang li bian zhu |
| 210 | @a北京@c中华书局@d2015.04 | |
| 215 | @a441页@d22cm | |
| 606 | 0 | @a汉语@x词典学 |
| 690 | @aH163@v4 | |
| 701 | 0 | @a王力@Awang li@4编著 |
| 801 | 0 | @aCN@b大连网信软件有限公司图书馆·11@c20160918 |
| 905 | @aZUCC@dH163@eW2532 | |
| 王力古汉语字典/王力编著.-北京:中华书局,2015.04 |
| 441页;22cm |
| ISBN 7-101-10897-0:CNY75.00 |
| ● |
| 相关链接 |
|
|
|
正题名:王力古汉语字典
索取号:H163/W2532
 
预约/预借
| 序号 | 登录号 | 条形码 | 馆藏地/架位号 | 状态 | 备注 |
| 1 | 1238623 | 212386238 | 语言库209/209语言库 76排4列5层/ [索取号:H163/W2532] | 在馆 |